[Event "Titled Tuesday intern op 26th Sep Early"]
[Site "Chess.com INT"]
[Date "2023.09.26"]
[Round "4"]
[White "Catur, Adi Sagita"]
[Black "Shohat, Yotam"]
[Result "1-0"]
[WhiteElo "2332"]
[BlackElo "2332"]
[PlyCount "73"]
[EventDate "2023.09.26"]
[EventType "swiss (blitz)"]
[EventRounds "11"]
[EventCountry "USA"]
[SourceTitle "EXT 2024"]
[Source "ChessBase"]
[SourceDate "2023.10.10"]
[SourceVersion "1"]
[SourceVersionDate "2023.10.10"]
[SourceQuality "1"]

1. e4 c5 2. Nf3 d6 3. d4 cxd4 4. Nxd4 Nf6 5. Nc3 a6 6. Bg5 e6 7. f4 Be7 8. Qf3 Qc7 9. 0-0-0 Nbd7 10. g4 b5 11. Bxf6 Nxf6 12. g5 Nd7 13. f5 0-0 14. f6 gxf6 15. gxf6 Nxf6 16. e5 dxe5 17. Nc6 Bb7 18. Qg3+ Kh8 19. Nxe5 Bd8 20. Rxd8 Rfxd8 21. Ng6+ fxg6 22. Qxc7 Bxh1 23. Qe5 Kg7 24. Bd3 Bd5 25. Ne2 Rf8 26. Nf4 Rae8 27. h4 Kg8 28. h5 Ng4 29. Qg5 Nf2 30. Bxg6 hxg6 31. Qxg6+ Kh8 32. Qh6+ Kg8 33. Ng6 Ne4 34. b3 Kf7 35. Qh7+ Kf6 36. Nxf8 Kg5 37. Qg6+ 1-0

[Event "Titled Tuesday intern op 26th Sep Early"]
[Site "Chess.com INT"]
[Date "2023.09.26"]
[Round "5"]
[White "Spichkin, Alexander"]
[Black "Catur, Adi Sagita"]
[Result "0-1"]
[WhiteElo "2052"]
[BlackElo "2332"]
[PlyCount "42"]
[EventDate "2023.09.26"]
[EventType "swiss (blitz)"]
[EventRounds "11"]
[EventCountry "USA"]
[SourceTitle "EXT 2024"]
[Source "ChessBase"]
[SourceDate "2023.10.10"]
[SourceVersion "1"]
[SourceVersionDate "2023.10.10"]
[SourceQuality "1"]

1. f4 d5 2. Nf3 Nf6 3. e3 c5 4. Be2 g6 5. 0-0 Bg7 6. d3 0-0 7. Kh1 Nc6 8. a4 d4 9. e4 Ng4 10. Qe1 b6 11. h3 Ne3 12. Bxe3 dxe3 13. c3 Ba6 14. Qd1 Qd7 15. Na3 Rad8 16. Nb5 Na5 17. e5 Bxb5 18. axb5 Qxb5 19. d4 Qxb2 20. dxc5 Rxd1 21. Rfxd1 Qxe2 0-1

[Event "Titled Tuesday intern op 19th Sep Early"]
[Site "Chess.com INT"]
[Date "2023.09.19"]
[Round "11"]
[White "Rustemov, Alexander"]
[Black "Catur, Adi Sagita"]
[Result "1/2-1/2"]
[WhiteElo "2525"]
[BlackElo "2332"]
[PlyCount "97"]
[EventDate "2023.09.19"]
[EventType "swiss (blitz)"]
[EventRounds "11"]
[EventCountry "USA"]
[SourceTitle "EXT 2024"]
[Source "ChessBase"]
[SourceDate "2023.10.10"]
[SourceVersion "1"]
[SourceVersionDate "2023.10.10"]
[SourceQuality "1"]

1. d4 Nf6 2. c4 e6 3. Nf3 b6 4. a3 Ba6 5. Qc2 d5 6. cxd5 exd5 7. g3 Bd6 8. Bg2 0-0 9. 0-0 Nbd7 10. Nc3 h6 11. Rd1 Re8 12. Bf4 Bxf4 13. gxf4 c6 14. Ne5 Bb7 15. Rac1 Rc8 16. Bh3 Rb8 17. e3 Nf8 18. Ne2 Ne4 19. Ng3 Qh4 20. Bg2 Nf6 21. Nf5 Qh5 22. Nd6 Re6 23. Ndxf7 Ba6 24. Rd2 Ne4 25. Bxe4 dxe4 26. Qxe4 Qxf7 27. Nxf7 Rxe4 28. Ne5 c5 29. dxc5 bxc5 30. Rxc5 Bb7 31. Rc7 Ra4 32. f3 Ra6 33. Rg2 g6 34. f5 g5 35. e4 Rd6 36. Rgc2 Ba6 37. Rxa7 Re8 38. Ng4 h5 39. Nf2 g4 40. fxg4 hxg4 41. Kg2 Bd3 42. Rd2 Bf1+ 43. Kxf1 Rxd2 44. Nxg4 Rc8 45. Nh6+ Kh8 46. Nf7+ Kg8 47. Nh6+ Kh8 48. Nf7+ Kg8 49. Nh6+ 1/2-1/2

[Event "Titled Tuesday intern op 29th Aug Early"]
[Site "Chess.com INT"]
[Date "2023.08.29"]
[Round "4"]
[White "Baches Garcia, Guillermo"]
[Black "Catur, Adi Sagita"]
[Result "1-0"]
[WhiteElo "2327"]
[BlackElo "2332"]
[PlyCount "119"]
[EventDate "2023.08.29"]
[EventType "swiss (blitz)"]
[EventRounds "11"]
[EventCountry "USA"]
[SourceTitle "EXT 2024"]
[Source "ChessBase"]
[SourceDate "2023.10.10"]
[SourceVersion "1"]
[SourceVersionDate "2023.10.10"]
[SourceQuality "1"]

1. e4 e5 2. Nf3 Nc6 3. Nc3 Nf6 4. d4 exd4 5. Nxd4 Bb4 6. Nxc6 bxc6 7. Bd3 d5 8. Bd2 0-0 9. 0-0 Bxc3 10. Bxc3 dxe4 11. Bxf6 Qxf6 12. Bxe4 Qxb2 13. Bxc6 Ba6 14. Rb1 Qc3 15. Bxa8 Bxf1 16. Qxf1 Rxa8 17. Qd3 Qc6 18. Rd1 g6 19. Qd5 Qxd5 20. Rxd5 Rb8 21. g3 Kf8 22. Rc5 Rb7 23. Kg2 Ke7 24. Kf3 Kd6 25. Ra5 Kc6 26. h4 h5 27. Ra6+ Kd5 28. Ke3 c5 29. Kd3 Rc7 30. Kc3 Re7 31. Rf6 Rb7 32. a4 Rc7 33. a5 Ke5 34. Ra6 c4 35. Kd2 Ke4 36. Ke2 c3 37. Rf6 Kd4 38. a6 Re7+ 39. Kd1 Kc5 40. f3 Rd7+ 41. Ke1 Kb5 42. g4 Rd2 43. Rxf7 Kxa6 44. Rf6+ Kb5 45. Rxg6 hxg4 46. fxg4 Rxc2 47. h5 Rh2 48. Kd1 a5 49. h6 a4 50. g5 a3 51. Rg8 Kb4 52. Rb8+ Kc4 53. Ra8 Kb3 54. Rb8+ Ka2 55. Kc1 Ka1 56. Rb7 a2 57. Rb8 Rb2 58. Rc8 Rb1+ 59. Kc2 Rh1 60. Rc7 1-0

[Event "Titled Tuesday intern op 08th Aug Early"]
[Site "Chess.com INT"]
[Date "2023.08.08"]
[Round "6"]
[White "Catur, Adi Sagita"]
[Black "Vokhidov, Shamsiddin"]
[Result "0-1"]
[WhiteElo "2332"]
[BlackElo "2597"]
[PlyCount "76"]
[EventDate "2023.08.08"]
[EventType "swiss (blitz)"]
[EventRounds "11"]
[EventCountry "USA"]
[SourceTitle "EXT 2024"]
[Source "ChessBase"]
[SourceDate "2023.10.10"]
[SourceVersion "1"]
[SourceVersionDate "2023.10.10"]
[SourceQuality "1"]

1. d4 Nf6 2. c4 e6 3. Nf3 d5 4. g3 dxc4 5. Bg2 Bb4+ 6. Nbd2 b5 7. a4 c6 8. 0-0 a5 9. Ne5 Ra6 10. e3 0-0 11. Qc2 Rb6 12. b3 cxb3 13. Nxb3 Ba6 14. Nc5 bxa4 15. Nxa6 Rxa6 16. Rxa4 Qe7 17. Bd2 Nd5 18. Bxd5 cxd5 19. Bxb4 axb4 20. Rxa6 Nxa6 21. Qa4 Qb7 22. Ra1 Ra8 23. Qc6 Qxc6 24. Nxc6 b3 25. Rb1 Nb8 26. Nxb8 Rxb8 27. Kf1 g5 28. Ke2 g4 29. Kd3 Kg7 30. Kc3 Kg6 31. Rxb3 Rxb3+ 32. Kxb3 Kf5 33. Kc2 Ke4 34. Kd2 Kf3 35. Ke1 f6 36. Kf1 e5 37. dxe5 fxe5 38. Kg1 Ke2 0-1

[Event "Titled Tuesday intern op 08th Aug Early"]
[Site "Chess.com INT"]
[Date "2023.08.08"]
[Round "10"]
[White "Demchenko, Anton"]
[Black "Catur, Adi Sagita"]
[Result "1-0"]
[WhiteElo "2619"]
[BlackElo "2332"]
[PlyCount "93"]
[EventDate "2023.08.08"]
[EventType "swiss (blitz)"]
[EventRounds "11"]
[EventCountry "USA"]
[SourceTitle "EXT 2024"]
[Source "ChessBase"]
[SourceDate "2023.10.10"]
[SourceVersion "1"]
[SourceVersionDate "2023.10.10"]
[SourceQuality "1"]

1. e4 c5 2. Nf3 d6 3. d4 cxd4 4. Nxd4 Nf6 5. Nc3 a6 6. Nb3 g6 7. Be3 Bg7 8. Qd2 Nc6 9. f3 0-0 10. 0-0-0 Ne5 11. Bh6 b5 12. h4 b4 13. Nd5 Be6 14. Bxg7 Kxg7 15. h5 Bxd5 16. exd5 a5 17. hxg6 fxg6 18. Nd4 Qb6 19. Ne6+ Kg8 20. Nxf8 Rxf8 21. Rh4 Rb8 22. Be2 a4 23. Kb1 Qf2 24. Rd4 Qxg2 25. f4 Ned7 26. Qe3 Kf8 27. Re1 b3 28. Bd3 bxc2+ 29. Bxc2 a3 30. Qxa3 Nc5 31. Qe3 Rb7 32. Rg1 Qh2 33. f5 gxf5 34. Rd2 Qh5 35. Rf2 Ke8 36. Rxf5 Qh4 37. Rf4 Qh6 38. Qf2 Nxd5 39. Rh4 Qe6 40. Rd4 Nc3+ 41. Kc1 Nxa2+ 42. Kd2 Nb4 43. Bf5 Qh6+ 44. Qf4 Qxf4+ 45. Rxf4 Nd5 46. Rfg4 Rxb2+ 47. Kc1 1-0

[Event "Titled Tuesday intern op 08th Aug Early"]
[Site "Chess.com INT"]
[Date "2023.08.08"]
[Round "2"]
[White "Firouzja, Alireza"]
[Black "Catur, Adi Sagita"]
[Result "1-0"]
[WhiteElo "2777"]
[BlackElo "2332"]
[PlyCount "87"]
[EventDate "2023.08.08"]
[EventType "swiss (blitz)"]
[EventRounds "11"]
[EventCountry "USA"]
[SourceTitle "EXT 2024"]
[Source "ChessBase"]
[SourceDate "2023.10.10"]
[SourceVersion "1"]
[SourceVersionDate "2023.10.10"]
[SourceQuality "1"]

1. e4 c5 2. Nf3 d6 3. d4 cxd4 4. Nxd4 Nf6 5. Nc3 a6 6. f3 e5 7. Nb3 Be6 8. Be3 Be7 9. Qd2 0-0 10. 0-0-0 Nbd7 11. g4 b5 12. g5 Nh5 13. Kb1 Nb6 14. Nd5 Bxd5 15. exd5 Qc7 16. Na5 Nxd5 17. Qxd5 Qxa5 18. Bd3 Rab8 19. Rhg1 Qc7 20. Be4 g6 21. Rg4 Rfc8 22. Rh4 Qc4 23. Bxg6 Qxd5 24. Bxh7+ Kxh7 25. Rxh5+ Kg7 26. Rxd5 Rh8 27. Rh6 Rxh6 28. gxh6+ Kh7 29. a4 Bf8 30. c3 f5 31. Bg5 Kg6 32. h4 Rb6 33. Kc2 bxa4 34. Bd8 Rc6 35. Ra5 Kxh6 36. Rxa4 Kh5 37. Kd3 Bh6 38. c4 Bf4 39. b4 Rc8 40. Be7 Rc7 41. Bd8 Rc8 42. Bb6 Rc6 43. Rxa6 Kxh4 44. Bf2+ 1-0

[Event "Titled Tuesday intern op 25th Jul Early"]
[Site "Chess.com INT"]
[Date "2023.07.25"]
[Round "3"]
[White "Catur, Adi Sagita"]
[Black "Giri, Anish"]
[Result "0-1"]
[WhiteElo "2332"]
[BlackElo "2775"]
[PlyCount "68"]
[EventDate "2023.07.25"]
[EventType "swiss (blitz)"]
[EventRounds "11"]
[EventCountry "USA"]
[SourceTitle "EXT 2024"]
[Source "ChessBase"]
[SourceDate "2023.10.10"]
[SourceVersion "1"]
[SourceVersionDate "2023.10.10"]
[SourceQuality "1"]

1. d4 Nf6 2. Nf3 e6 3. g3 b5 4. Bg2 Bb7 5. 0-0 Be7 6. b3 0-0 7. c4 a6 8. Bb2 d6 9. Nbd2 Nbd7 10. Qc2 bxc4 11. Nxc4 a5 12. Bc3 Be4 13. Qb2 a4 14. bxa4 Rxa4 15. Nfd2 Bxg2 16. Kxg2 Qa8+ 17. Kg1 Nd5 18. Qc2 Rb8 19. e4 Nxc3 20. Qxc3 c5 21. Rab1 Rxa2 22. dxc5 Nxc5 23. Qd4 Rd8 24. Nb6 Qa6 25. Ndc4 h6 26. Rfd1 Re2 27. h4 Rxe4 28. Qc3 Re2 29. Qf3 Ra2 30. Ne3 d5 31. Nbxd5 exd5 32. Nxd5 Bf8 33. Nf6+ Qxf6 34. Qxf6 Rxd1+ 0-1

[Event "Titled Tuesday intern op 06th Dec Early"]
[Site "Chess.com INT"]
[Date "2022.12.06"]
[Round "8"]
[White "Movahed, Sina"]
[Black "Catur, Adi Sagita"]
[Result "1-0"]
[WhiteElo "2339"]
[BlackElo "2332"]
[PlyCount "69"]
[EventDate "2022.12.06"]
[EventType "swiss (blitz)"]
[EventRounds "11"]
[EventCountry "USA"]
[SourceTitle "CBM 211 Extra"]
[Source "ChessBase"]
[SourceDate "2023.01.31"]
[SourceVersion "1"]
[SourceVersionDate "2023.01.31"]
[SourceQuality "1"]

1. e4 c5 2. Nf3 e6 3. b3 Nc6 4. Bb2 Nf6 5. e5 Nd5 6. c4 Nc7 7. Bd3 Be7 8. Nc3 0-0 9. Qb1 g6 10. Ne4 Nb4 11. Be2 b6 12. a3 Nc6 13. h4 h5 14. g4 hxg4 15. Nh2 g3 16. Ng4 g2 17. Rg1 Nd4 18. Nef6+ Kg7 19. h5 Rh8 20. h6+ Kf8 21. Qe4 d5 22. exd6 Qxd6 23. Rxg2 Rb8 24. Bxd4 cxd4 25. Rg3 Bb7 26. Qd3 e5 27. Ne4 Bxe4 28. Qxe4 f5 29. Qxe5 Qxe5 30. Nxe5 Rxh6 31. Nd7+ Kf7 32. Nxb8 Rh1+ 33. Bf1 Ne6 34. Nc6 Bh4 35. Rh3 1-0

[Event "Titled Tuesday intern op 06th Dec Early"]
[Site "Chess.com INT"]
[Date "2022.12.06"]
[Round "1"]
[White "Shapiro, Daniel E"]
[Black "Catur, Adi Sagita"]
[Result "0-1"]
[WhiteElo "2284"]
[BlackElo "2332"]
[PlyCount "36"]
[EventDate "2022.12.06"]
[EventType "swiss (blitz)"]
[EventRounds "11"]
[EventCountry "USA"]
[SourceTitle "CBM 211 Extra"]
[Source "ChessBase"]
[SourceDate "2023.01.31"]
[SourceVersion "1"]
[SourceVersionDate "2023.01.31"]
[SourceQuality "1"]

1. d4 Nf6 2. c4 e6 3. g3 d5 4. Nf3 dxc4 5. Bg2 Bd7 6. 0-0 Bc6 7. Ne5 Bxg2 8. Nc6 Nxc6 9. Kxg2 Qxd4 10. Nd2 0-0-0 11. a3 Bc5 12. Qc2 Qd5+ 13. Kg1 Nd4 14. Qxc4 Qxc4 15. Nxc4 Nxe2+ 16. Kg2 Nxc1 17. Raxc1 Bb6 18. Ne5 Rhf8 0-1

[Event "Asia-ch U20"]
[Site "Surakarta"]
[Date "2019.07.08"]
[Round "9"]
[White "Morado, Jeth Romy"]
[Black "Catur, Adi Sagita"]
[Result "0-1"]
[WhiteElo "2219"]
[BlackElo "2240"]
[PlyCount "120"]
[EventDate "2019.07.02"]
[EventType "swiss"]
[EventRounds "9"]
[EventCountry "INA"]
[SourceTitle "CBM 191 Extra"]
[Source "ChessBase"]
[SourceDate "2019.09.30"]
[SourceVersion "1"]
[SourceVersionDate "2019.09.30"]
[SourceQuality "1"]

1. e4 c6 2. d4 d5 3. e5 Bf5 4. Nf3 e6 5. Be2 Nd7 6. 0-0 h6 7. a4 Ne7 8. a5 a6 9. c4 Bxb1 10. Rxb1 Qxa5 11. c5 Qc7 12. Bd2 g6 13. Ra1 Bg7 14. Ba5 Qc8 15. Bd3 0-0 16. Re1 Nf5 17. Ra3 Re8 18. Bb1 Rb8 19. Rb3 b6 20. cxb6 c5 21. Bxf5 gxf5 22. Rc3 c4 23. Nh4 Qd8 24. Rh3 Qe7 25. Bd2 Rxb6 26. Qh5 Qf8 27. Rg3 Kh8 28. Bc1 Rb3 29. Nf3 Rc8 30. Be3 Rc7 31. Rh3 Rxb2 32. g4 fxg4 33. Qxg4 c3 34. Ng5 c2 35. Bc1 Rb1 36. Qh5 Nb6 37. Rf1 Kg8 38. Qh4 Qe7 39. f4 hxg5 40. fxg5 Nd7 41. Qh7+ Kf8 42. Qh5 Ke8 43. g6 f5 44. exf6 Nxf6 45. Qe2 Kd7 46. Qxa6 Qb4 47. Re3 Rc6 48. Qa7+ Qb7 49. Qa4 Qb5 50. Qa7+ Rc7 51. Qa3 Qc4 52. Rfe1 Qxd4 53. Kh1 Qc5 54. Qa4+ Qc6 55. Qf4 d4+ 56. Rf3 Rb3 57. Qxd4+ Kc8 58. Ree3 Rxe3 59. Qxe3 Ng4 60. Qf4 Ne5 0-1

[Event "Wch U14"]
[Site "Al Ain"]
[Date "2013.12.21"]
[Round "5"]
[White "Catur, Adi Sagita"]
[Black "Nero, Georg"]
[Result "1-0"]
[WhiteElo "1879"]
[BlackElo "1706"]
[PlyCount "105"]
[EventDate "2013.12.18"]
[EventType "swiss"]
[EventRounds "11"]
[EventCountry "UAE"]
[SourceTitle "CBM 158 Extra"]
[Source "ChessBase"]
[SourceDate "2014.02.28"]
[SourceVersion "1"]
[SourceVersionDate "2014.02.28"]
[SourceQuality "1"]

1. Nf3 Nf6 2. g3 b6 3. Bg2 Bb7 4. 0-0 e6 5. d3 d5 6. Nbd2 Be7 7. c4 0-0 8. a3 c5 9. Rb1 Nc6 10. Re1 Qc7 11. Qc2 Rac8 12. b3 a6 13. Nf1 b5 14. Bg5 Nb8 15. Rec1 Nbd7 16. Qb2 h6 17. Bf4 Bd6 18. Bxd6 Qxd6 19. N3d2 Rb8 20. b4 Ba8 21. bxc5 Nxc5 22. cxd5 Nxd5 23. Qd4 Na4 24. Bxd5 exd5 25. Ne3 Rfe8 26. Nf5 Qe5 27. Qg4 Nc3 28. Nxh6+ Kf8 29. Qb4+ Re7 30. Qxc3 d4 31. Qc5 Qxc5 32. Rxc5 gxh6 33. Nb3 Rxe2 34. Nxd4 Rd2 35. Rbc1 Rd8 36. Rc8 Ke8 37. Re1+ Kd7 38. Rc3 Rc8 39. Rxc8 Kxc8 40. Nb3 Rxd3 41. Nc5 Rxa3 42. Re8+ Kc7 43. Rxa8 Kb6 44. Ne4 f5 45. Nd6 b4 46. Nc4+ Kb5 47. Nxa3+ bxa3 48. Re8 a2 49. Re1 Kb4 50. f3 a5 51. g4 fxg4 52. f4 Kb3 53. f5 1-0

[Event "World School-ch U13 9th"]
[Site "Porto Carras"]
[Date "2013.05.14"]
[Round "9"]
[White "Catur, Adi Sagita"]
[Black "Nizamov, Bulat"]
[Result "1-0"]
[WhiteElo "1808"]
[BlackElo "1975"]
[PlyCount "125"]
[EventDate "2013.05.07"]
[EventType "swiss"]
[EventRounds "9"]
[EventCountry "GRE"]
[SourceTitle "CBM 154 Extra"]
[Source "ChessBase"]
[SourceDate "2013.06.25"]
[SourceVersion "2"]
[SourceVersionDate "2013.06.25"]
[SourceQuality "1"]

1. d4 d5 2. Nf3 Nf6 3. g3 g6 4. Bg2 Bg7 5. 0-0 0-0 6. b3 c5 7. Bb2 cxd4 8. Nbd2 Re8 9. Bxd4 Nc6 10. Bb2 e5 11. e3 Bf5 12. a3 Qd7 13. b4 a6 14. Re1 Bh3 15. c4 Bxg2 16. Kxg2 e4 17. Ng1 Qf5 18. h3 dxc4 19. Nxc4 Rad8 20. Qe2 b5 21. Nd2 Ne5 22. Bxe5 Qxe5 23. Nb3 Nd5 24. Nd4 Qd6 25. Qd2 Nb6 26. Nge2 Nc4 27. Qa2 Ne5 28. Rec1 Rc8 29. Nc3 Nc4 30. Rd1 Qb6 31. Nce2 Ne5 32. a4 Nd3 33. axb5 axb5 34. Qa5 Qb7 35. Rab1 Re5 36. Ra1 Rd5 37. Kg1 Qd7 38. Kg2 Rh5 39. Rh1 Rd5 40. Rhd1 Rh5 41. Rh1 Bf8 42. Rab1 Qb7 43. Qa3 Rc4 44. g4 Rd5 45. Ra1 Rxb4 46. Qa2 Rb2 47. Qa8 Qxa8 48. Rxa8 Kg7 49. Ra7 Bc5 50. Ne6+ Kf6 51. Nxc5 Rxc5 52. Nd4 Rxf2+ 53. Kg3 b4 54. Rha1 b3 55. R1a6+ Ke5 56. Nxb3 Rf3+ 57. Kh4 Rc2 58. Nd4 Rcf2 59. Re7+ Kd5 60. Rd7+ Ke5 61. Ra5+ Kf6 62. g5+ Kg7 63. Ne6+ 1-0

[Event "World School-ch U13 9th"]
[Site "Porto Carras"]
[Date "2013.05.09"]
[Round "3"]
[White "Catur, Adi Sagita"]
[Black "Kuybokarov, Temur"]
[Result "1/2-1/2"]
[WhiteElo "1808"]
[BlackElo "2024"]
[PlyCount "112"]
[EventDate "2013.05.07"]
[EventType "swiss"]
[EventRounds "9"]
[EventCountry "GRE"]
[SourceTitle "CBM 154 Extra"]
[Source "ChessBase"]
[SourceDate "2013.06.25"]
[SourceVersion "2"]
[SourceVersionDate "2013.06.25"]
[SourceQuality "1"]

1. e4 c5 2. Nc3 Nc6 3. g3 g6 4. Bg2 Bg7 5. d3 d6 6. Be3 Nd4 7. Qd2 Qa5 8. Bxd4 cxd4 9. Nd5 Qd8 10. Nf3 e6 11. Nf4 Ne7 12. h4 h5 13. Ng1 0-0 14. Nge2 Qb6 15. c3 Bh6 16. Qc2 e5 17. Nh3 dxc3 18. bxc3 Kh8 19. Rb1 Qc5 20. Ng5 f5 21. 0-0 Bxg5 22. hxg5 f4 23. d4 exd4 24. gxf4 Bg4 25. Rxb7 Nc6 26. f5 Na5 27. Re7 Nc6 28. Rc7 d3 29. Qxd3 Ne5 30. Rxc5 Nxd3 31. Rd5 Bxe2 32. Rb1 Nf4 33. Rxd6 gxf5 34. exf5 Nxg2 35. Rh6+ Kg7 36. Rg6+ Kf7 37. Rb7+ Ke8 38. Re6+ Kd8 39. Rxe2 Nf4 40. Re5 Nh3+ 41. Kg2 Nxg5 42. f6 Nf7 43. Ree7 Nh8 44. f7 Ng6 45. Red7+ Kc8 46. Rdc7+ Kd8 47. c4 a5 48. Rc6 Ne5 49. Rh6 Kc8 50. Re7 Nxf7 51. Rxh5 Ra6 52. Rc5+ Kb8 53. Rb5+ Ka8 54. Rf5 Rg8+ 55. Kf1 Nd8 56. Rc5 Nb7 1/2-1/2